[Event "Oslo Chess Festival 2017"]
[Site "Oslo"]
[Date "2017.10.02"]
[Round "5"]
[White "Mikalsen, Erlend"]
[Black "Kleinert, Juergen"]
[Result "1-0"]
[WhiteElo "2322"]
[BlackElo "1918"]
[Annotator "NA"]
[PlyCount "53"]
[EventType "swiss"]
[EventCountry "NOR"]
[SourceTitle "playchess.com"]
[Source "ChessBase"]
[SourceQuality "1"]
[TimeControl "5400+30"]

1. e4 {[%emt 0:00:00]} e5 {[%emt 0:00:09]} 2. Nf3 {[%emt 0:00:03]} d5 {[%emt 0:00:32]} 3. exd5 {[%emt 0:02:34]} Bd6 {[%emt 0:00:08]} 4. d4 {[%emt 0:09:01]} e4 {[%emt 0:00:20]} 5. Ne5 {[%emt 0:00:35]} Nf6 {[%emt 0:00:12] LiveBook: 18 Partien} 6. Bb5+ {[%emt 0:07:56]} c6 {[%emt 0:00:07]} 7. dxc6 {[%emt 0:00:30]} bxc6 {[%emt 0:00:11]} 8. Nxc6 {[%emt 0:09:33]} Qb6 {[%emt 0:00:08]} 9. Nc3 {[%emt 0:00:03]} Nxc6 {[%emt 0:00:11]} 10. d5 {[%emt 0:00:02]} O-O {[%emt 0:00:08]} 11. Be3 {[%emt 0:05:56]} Qc7 {[%emt 0:00:09]} 12. Bxc6 {[%emt 0:06:38]} Rb8 {[%emt 0:00:08]} 13. Rb1 {[%emt 0:11:12]} Ba6 {[%emt 0:06:23]} 14. h3 {[%emt 0:12:18]} Rfd8 {[%emt 0:01:52]} 15. Ne2 {[%emt 0:03:15]} Be5 $14 {[%emt 0:16:32]} (15... Bc4 $15) 16. O-O {[%emt 0:03:21]} Rxb2 {[%emt 0:10:06]} 17. Rxb2 {[%emt 0:00:52]} Bxb2 {[%emt 0:00:04]} 18. Re1 {[%emt 0:02:55]} Bc4 {[%emt 0:07:18]} 19. Qb1 {[%emt 0:02:42]} Qa5 {[%emt 0:07:36]} 20. c3 {[%emt 0:01:29]} Ba3 {[%emt 0:09:52]} 21. Bd4 {[%emt 0:01:14]} Bd3 {[%emt 0:03:50]} 22. Qb3 {[%emt 0:00:56]} Bc5 {[%emt 0:05:11]} 23. Bxf6 {[%emt 0:00:27]} gxf6 {[%emt 0:00:04]} 24. Ng3 {[%emt 0:01:16]} Qc7 {[%emt 0:05:36]} 25. Nxe4 {[%emt 0:03:20]} Qf4 {[%emt 0:03:26]} 26. Nxc5 {[%emt 0:00:30]} Qe5 {[%emt 0:00:26] Kh2 Qxe1} 27. g3 {[%emt 0:00:16] Qe5} 1-0

[Event "Oslo Chess Festival 2017"]
[Site "Oslo"]
[Date "2017.10.04"]
[Round "5"]
[White "Gabrielsen, Stig"]
[Black "Bruaset, Eivind"]
[Result "1-0"]
[WhiteElo "2314"]
[BlackElo "2012"]
[Annotator "ChessBase"]
[PlyCount "75"]
[EventType "swiss"]
[EventCountry "NOR"]
[SourceTitle "playchess.com"]
[Source "ChessBase"]
[SourceQuality "1"]
[TimeControl "5400+30"]

1. e4 {[%emt 0:00:03]} e6 {[%emt 0:00:07]} 2. d4 {[%emt 0:00:16]} d5 {[%emt 0:00:06]} 3. Nc3 {[%emt 0:00:11]} Bb4 {[%emt 0:00:10]} 4. e5 {[%emt 0:00:17]} c5 {[%emt 0:00:10]} 5. a3 {[%emt 0:00:08]} Bxc3+ {[%emt 0:00:07]} 6. bxc3 {[%emt 0:00:05]} Qa5 {[%emt 0:00:08]} 7. Bd2 {[%emt 0:00:44]} Qa4 {[%emt 0:00:07]} 8. Qg4 {[%emt 0:01:04]} Kf8 {[%emt 0:00:14]} 9. Qd1 {[%emt 0:00:39]} Nc6 {[%emt 0:00:39]} 10. Nf3 {[%emt 0:00:45]} c4 {[%emt 0:01:08]} 11. h4 {[%emt 0:00:48]} Bd7 {[%emt 0:00:51]} 12. h5 {[%emt 0:00:25]} h6 {[%emt 0:01:14]} 13. Nh4 {[%emt 0:01:24]} Nge7 {[%emt 0:09:34]} 14. g4 {[%emt 0:01:55]} Ke8 {[%emt 0:02:33]} 15. Bh3 {[%emt 0:38:36]} Kd8 {[%emt 0:08:59]} 16. O-O {[%emt 0:07:07]} g5 {[%emt 0:13:19]} 17. Ng2 {[%emt 0:00:39]} Kc7 {[%emt 0:04:08]} 18. f4 {[%emt 0:00:14]} gxf4 {[%emt 0:00:22]} 19. Rxf4 {[%emt 0:00:35]} Rh7 {[%emt 0:05:42]} 20. Qc1 {[%emt 0:03:19]} Rah8 {[%emt 0:07:45]} 21. Qb2 {[%emt 0:03:40]} Be8 {[%emt 0:05:48]} 22. Rb1 {[%emt 0:00:37]} b6 {[%emt 0:00:18]} 23. Be1 {[%emt 0:00:38]} Nb8 {[%emt 0:04:49]} 24. Bh4 {[%emt 0:00:35]} Ng8 {[%emt 0:00:12]} 25. Kh2 {[%emt 0:02:56]} Nd7 {[%emt 0:00:45]} 26. Ne3 {[%emt 0:00:27]} Qc6 {[%emt 0:09:17]} 27. Bg2 {[%emt 0:01:32]} Rg7 {[%emt 0:04:46]} 28. a4 {[%emt 0:04:34]} Nf8 {[%emt 0:03:00]} 29. Qa3 {[%emt 0:02:56]} Nh7 {[%emt 0:00:26]} 30. Rb4 {[%emt 0:05:31]} Qd7 {[%emt 0:02:04]} 31. Nxc4 {[%emt 0:08:03]} Ng5 {[%emt 0:06:43]} 32. Nd6 {[%emt 0:05:36]} Ne7 {[%emt 0:00:37]} 33. a5 {[%emt 0:00:33]} Nc6 {[%emt 0:01:46]} 34. axb6+ {[%emt 0:00:22]} axb6 {[%emt 0:00:03]} 35. Ra4 {[%emt 0:03:52]} Na5 {[%emt 0:05:47]} 36. Rxa5 {[%emt 0:00:09]} bxa5 {[%emt 0:00:02]} 37. Qxa5+ {[%emt 0:00:14]} Kc6 {[%emt 0:00:11]} 38. Qc5# {[%emt 0:00:11]} 1-0

[Event "Oslo Chess Festival 2017"]
[Site "Oslo"]
[Date "2017.10.04"]
[Round "5"]
[White "Al-Tarbosh, Ward"]
[Black "Gajewski, Grzegorz"]
[Result "0-1"]
[WhiteElo "2270"]
[BlackElo "2630"]
[Annotator "TA"]
[PlyCount "85"]
[EventType "swiss"]
[EventCountry "NOR"]
[SourceTitle "playchess.com"]
[Source "ChessBase"]
[SourceQuality "1"]

{[%evp 17,85,41,52,41,45,40,56,57,57,32,54,40,83,61,99,45,89,18,37,22,28,0,0,0,0,-19,-19,-25,-26,-26,-26,-27,-27,-37,-36,-120,-102,-101,-92,-102,-102,-102,-105,-138,-130,-174,-174,-167,-160,-183,-138,-140,-147,-149,-147,-907,-906,-851,-833,-833,-821,-912,-910,-850,-843,-1663,-1690,-1537,-1504,-1796]} 1. e4 c5 2. Nf3 e6 3. d4 cxd4 4. Nxd4 a6 5. Bd3 Bc5 6. Nb3 Be7 7. Qg4 g6 8. Qe2 d6 {B42: Sizilianisch (Paulsen-Variante)} 9. c4 Nd7 {LiveBook: 15 Partien} (9... Nc6 10. Nc3 Ne5 11. O-O Nf6 12. Bh6 Nfg4 13. Bg7 Rg8 14. Bxe5 Nxe5 15. f4 Nc6 16. Kh1 {½-½ (45) Bologan,V (2640)-Vitiugov,N (2726) Tallinn 2016}) 10. f4 Qc7 {Weiß steht etwas besser.} 11. Be3 Ngf6 12. Nc3 b6 13. O-O Bb7 14. Rad1 $146 ({Vorgänger:} 14. Rae1 Rc8 15. Bd4 e5 16. Nd5 Nxd5 17. exd5 {½-½ (40) Baltic,F (2258)-Kotter,R (2377) Germany 2017}) 14... h5 15. h3 h4 16. Qf2 (16. f5 $16) 16... Nh5 $14 17. Nd2 ({Günstiger ist} 17. f5 $16 gxf5 18. exf5) 17... Bf6 18. Na4 {[%cal Ra4b6]} Nc5 19. Nxc5 (19. Bc2 $5 {[%cal Re4e5]}) 19... dxc5 20. e5 Be7 21. Be4 Ng3 $36 {[%mdl 2048] Schwarz hat gut koordiniertes Spiel.} 22. Bxb7 Qxb7 23. Rfe1 O-O-O 24. Qf3 Qxf3 25. Nxf3 Kc7 26. Bf2 (26. Kf2 $15) 26... Rxd1 27. Rxd1 Ne2+ 28. Kf1 Nxf4 29. Be3 Nh5 30. Bg5 Ng3+ 31. Kg1 {[#]} Bxg5 $1 32. Nxg5 $19 {[%mdl 4096] Endspiel [#] KTS-KTS} Rh5 $1 {[%cal Rh5g5]} 33. Nxf7 Rf5 34. Nd6 Rxe5 35. Ne8+ Kc8 36. Rd6 $2 {[%mdl 8192]} (36. Nd6+ $17 Kc7 37. Ne8+ Kc6 38. Rd6+ Kb7 39. Rd7+ Kc8 40. Rd2) 36... Re1+ {Schwarz steht klar auf Gewinn.} 37. Kf2 Rf1+ 38. Ke3 Nf5+ 39. Ke2 Nxd6 40. Nxd6+ Kd7 41. Kxf1 Kxd6 42. Kf2 Ke5 43. Ke1 {Precision: Weiß = 28%, Schwarz = 73%.} 0-1

[Event "Oslo Chess Festival 2017"]
[Site "Oslo"]
[Date "2017.10.04"]
[Round "5"]
[White "Hobber, Anders"]
[Black "Sajjadi, Kimiya"]
[Result "1-0"]
[WhiteElo "2264"]
[BlackElo "1908"]
[Annotator "ChessBase"]
[PlyCount "77"]
[EventType "swiss"]
[EventCountry "NOR"]
[SourceTitle "playchess.com"]
[Source "ChessBase"]
[SourceQuality "1"]
[TimeControl "5400+30"]

1. d4 {[%emt 0:03:28]} Nf6 {[%emt 0:00:29]} 2. Nf3 {[%emt 0:00:55]} e6 {[%emt 0:00:50]} 3. e3 {[%emt 0:00:08]} c5 {[%emt 0:00:08]} 4. Bd3 {[%emt 0:00:36]} b6 {[%emt 0:00:40]} 5. O-O {[%emt 0:03:38]} Be7 {[%emt 0:03:59]} 6. c4 {[%emt 0:00:50]} O-O {[%emt 0:02:06]} 7. Nc3 {[%emt 0:00:36]} Bb7 {[%emt 0:02:32]} 8. d5 {[%emt 0:00:12]} exd5 {[%emt 0:03:51]} 9. cxd5 {[%emt 0:00:36]} d6 {[%emt 0:01:15]} 10. e4 {[%emt 0:01:54]} Nbd7 {[%emt 0:06:52]} 11. Nd2 {[%emt 0:09:49]} Ne5 {[%emt 0:01:33]} 12. Be2 {[%emt 0:01:26]} g5 {[%emt 0:12:19]} 13. Nc4 {[%emt 0:15:10]} Nfd7 {[%emt 0:07:50]} 14. Ne3 {[%emt 0:04:03]} Ng6 {[%emt 0:03:32]} 15. g3 {[%emt 0:10:04]} a6 {[%emt 0:10:59]} 16. a4 {[%emt 0:00:18]} Re8 {[%emt 0:03:45]} 17. Bg4 {[%emt 0:02:59]} Bf8 {[%emt 0:02:59]} 18. Bf5 {[%emt 0:04:02]} Bg7 {[%emt 0:01:58]} 19. Nc4 {[%emt 0:02:16]} Nde5 {[%emt 0:01:32]} 20. Nxe5 {[%emt 0:02:55]} Bxe5 {[%emt 0:03:59]} 21. Qh5 {[%emt 0:00:42]} Bf6 {[%emt 0:01:00]} 22. Nd1 {[%emt 0:02:32]} Bc8 {[%emt 0:02:47]} 23. Bxc8 {[%emt 0:06:08]} Rxc8 {[%emt 0:00:38]} 24. Re1 {[%emt 0:02:28]} Rc7 {[%emt 0:02:20]} 25. Kg2 {[%emt 0:02:13]} Ne5 {[%emt 0:02:13]} 26. Ra3 {[%emt 0:01:03]} b5 {[%emt 0:02:50]} 27. f4 {[%emt 0:03:15]} Nc4 {[%emt 0:03:59]} 28. Rf3 {[%emt 0:03:56]} gxf4 {[%emt 0:02:36]} 29. gxf4 {[%emt 0:03:06]} Bg7 {[%emt 0:00:27]} 30. b3 {[%emt 0:01:23]} Nb6 {[%emt 0:00:08]} 31. axb5 {[%emt 0:00:34]} axb5 {[%emt 0:00:36]} 32. Rg3 {[%emt 0:01:54]} f6 {[%emt 0:01:52]} 33. Nf2 {[%emt 0:01:27]} Qe7 {[%emt 0:03:00]} 34. Ng4 {[%emt 0:00:41]} Kh8 {[%emt 0:01:36]} 35. Rh3 {[%emt 0:00:12]} Bf8 {[%emt 0:00:33]} 36. Bb2 {[%emt 0:00:13]} Nd7 {[%emt 0:00:26]} 37. Qf5 {[%emt 0:00:12]} Qg7 {[%emt 0:01:22]} 38. Rg3 {[%emt 0:01:13]} Qg6 {[%emt 0:00:59]} 39. Nxf6 {[%emt 0:00:23]} 1-0

[Event "Oslo Chess Festival 2017"]
[Site "Oslo"]
[Date "2017.10.04"]
[Round "5"]
[White "Ronneland, Daniel"]
[Black "Blomqvist, Erik"]
[Result "0-1"]
[WhiteElo "2218"]
[BlackElo "2521"]
[Annotator "TA"]
[PlyCount "88"]
[EventType "swiss"]
[EventCountry "NOR"]
[SourceTitle "playchess.com"]
[Source "ChessBase"]
[SourceQuality "1"]

{[%evp 21,88,6,12,10,33,40,48,49,44,25,37,34,51,52,39,16,30,15,0,0,0,0,0,1,51,8,8,0,21,-192,-186,-186,-181,-179,-178,-356,-360,-350,-335,-377,-377,-376,-377,-377,-375,-375,-374,-372,-369,-367,-367,-360,-358,-475,-472,-484,-448,-549,-533,-549,-510,-694,-679,-652,-640,-990,-942,-894,-843]} 1. e4 c5 2. Nf3 e6 3. d4 cxd4 4. Nxd4 Nc6 5. Nc3 Qc7 6. Be3 a6 7. Qd2 Nf6 8. f3 h5 {B48: Sicilian: Taimanov: 5 Nc3 Qc7 6 Be3 a6 without Be2} 9. O-O-O Be7 10. Kb1 (10. Nxc6 bxc6 11. Bf4 e5 12. Bg5 a5 13. Bc4 a4 14. a3 d6 15. f4 O-O 16. Rhf1 {½-½ (44) Grischuk,A (2783)-Cori Tello,J (2641) Tbilisi 2017}) 10... b5 11. Nb3 Ne5 {LiveBook: 3 Games} 12. Qd4 Nc6 $146 ({Predecessor:} 12... Rb8 13. Qa7 Qxa7 14. Bxa7 Ra8 15. Bc5 Bxc5 16. Nxc5 {1-0 (51) Dobrowolski,P (2399)-Miton,K (2629) Katowice 2010}) 13. Qb6 Bd8 14. Qxc7 Bxc7 15. Bc5 Bb7 16. a4 b4 17. Na2 $1 a5 18. Bb5 Na7 19. Bd6 Nxb5 20. axb5 Bxd6 21. Rxd6 {Threatening Rb6.} Ke7 $36 {[%mdl 2048] Black fights for an advantage.} 22. e5 Rhb8 23. c4 {Black must now prevent Rhd1.} bxc3 $1 24. Nxc3 Nd5 25. Nc5 $2 (25. Rc1 $11 {and White is okay.}) 25... Nxc3+ $19 26. bxc3 Bc6 $1 27. c4 {[#] Strongly threatening Ka1.} Bxb5 $1 {[%mdl 512]} 28. cxb5 $2 (28. Ka1 {keeps fighting.} Bc6 29. Rd2) 28... Rxb5+ 29. Nb3 Rxb3+ {[%mdl 4096] Endgame KRR-KRR} 30. Ka2 Re3 31. Rhd1 Ra7 32. f4 Re2+ 33. R1d2 Rxd2+ 34. Rxd2 {KR-KR} Rc7 35. Kb3 f6 {[%cal Bf7f6,Bf6f5][%mdl 32]} 36. Re2 Rc5 37. h3 h4 {Black is clearly winning.} 38. Re4 Kf7 39. Rd4 Rd5 40. Re4 f5 41. Re3 {[#]} g5 $1 42. fxg5 Kg6 43. g3 Kxg5 44. gxh4+ Kxh4 {Precision: White = 36%, Black = 66%.} 0-1

[Event "Oslo Chess Festival 2017"]
[Site "Oslo"]
[Date "2017.10.02"]
[Round "5"]
[White "Louis, Thibault"]
[Black "Ernst, Thomas"]
[Result "1/2-1/2"]
[WhiteElo "2207"]
[BlackElo "2371"]
[Annotator "NA"]
[PlyCount "104"]
[EventType "swiss"]
[EventCountry "NOR"]
[SourceTitle "playchess.com"]
[Source "ChessBase"]
[SourceQuality "1"]
[TimeControl "5400+30"]

1. e4 {[%emt 0:00:03]} c5 {[%emt 0:00:07]} 2. Nf3 {[%emt 0:00:05]} e6 {[%emt 0:00:47]} 3. g3 {[%emt 0:00:22]} Nf6 {[%emt 0:01:04]} 4. Qe2 {[%emt 0:01:08]} Be7 {[%emt 0:00:22]} 5. Bg2 {[%emt 0:00:09]} Nc6 {[%emt 0:00:30]} 6. O-O {[%emt 0:00:20] C00: French: Unusual White 2nd moves} d5 {[%emt 0:00:20]} (6... d6 7. c3 e5 8. Na3 O-O 9. Nc4 Re8 10. d3 Be6 11. Ng5 Bg4 12. f3 Bh5 13. g4 Bg6 14. Nh3 d5 15. Ne3 {1-0 (45) Naiditsch,A (2706)-Wojtaszek,R (2716) Poznan 2014}) 7. exd5 {[%emt 0:00:36]} exd5 {[%emt 0:00:33]} 8. d4 {[%emt 0:06:04]} cxd4 {[%emt 0:00:21]} 9. Rd1 {[%emt 0:01:12]} O-O $146 {[%emt 0:01:05]} ({Predecessor:} 9... Bg4 10. h3 Bxf3 11. Qxf3 O-O 12. Bg5 Ne4 13. Bxe7 Qxe7 {1-0 (36) Guimaraes,D (2219)-Schena,A (1698) Florianopolis 2017}) 10. Nbd2 {[%emt 0:07:54]} Re8 {[%emt 0:03:24]} 11. Nb3 {[%emt 0:03:03]} Bg4 {[%emt 0:00:33]} 12. h3 {[%emt 0:03:08]} Bh5 {[%emt 0:00:40]} 13. g4 {[%emt 0:07:17]} Bg6 {[%emt 0:00:08]} 14. Nbxd4 {[%emt 0:03:16]} h5 {[%emt 0:02:07]} 15. Nxc6 {[%emt 0:07:42]} (15. g5 $17 Ne4 16. h4) 15... bxc6 {[%emt 0:00:16]} 16. Be3 {[%emt 0:04:30]} Bc5 {[%emt 0:08:03]} 17. Nd4 {[%emt 0:05:21]} hxg4 {[%emt 0:00:56]} 18. hxg4 {[%emt 0:00:14]} Qd7 {[%emt 0:01:50]} 19. Bf3 {[%emt 0:04:49]} Be4 {[%emt 0:05:19]} 20. g5 {[%emt 0:01:46]} Bxf3 {[%emt 0:00:07]} 21. Qxf3 {[%emt 0:00:20]} Qg4+ {[%emt 0:00:36]} 22. Kf1 {[%emt 0:02:59]} Qxf3 {[%emt 0:00:55]} 23. Nxf3 {[%emt 0:06:04]} Bxe3 {[%emt 0:00:07]} 24. gxf6 {[%emt 0:00:08]} Bb6 {[%emt 0:00:12]} 25. fxg7 {[%emt 0:00:16]} Re4 {[%emt 0:00:39]} 26. Rd3 {[%emt 0:00:33]} Kxg7 $11 {[%emt 0:00:50]} 27. c3 {[%emt 0:05:59]} Rh8 {[%emt 0:00:28]} 28. Rad1 {[%emt 0:04:40]} Rg4 {[%emt 0:01:55]} 29. Nd4 {[%emt 0:02:31]} Rh1+ {[%emt 0:03:46]} 30. Ke2 {[%emt 0:00:06]} Re4+ {[%emt 0:00:13]} 31. Kf3 {[%emt 0:03:53]} Rh2 {[%emt 0:03:19]} 32. R1d2 {[%emt 0:06:30]} Rh3+ {[%emt 0:07:23]} 33. Kg2 {[%emt 0:00:11]} Rxd3 {[%emt 0:00:06]} 34. Rxd3 {[%emt 0:00:03]} Bxd4 {[%emt 0:00:16]} 35. cxd4 {[%emt 0:02:05]} Re2 {[%emt 0:00:10]} 36. Rb3 {[%emt 0:00:06]} Rd2 {[%emt 0:00:14]} 37. Rb4 {[%emt 0:00:05]} Kf6 {[%emt 0:04:30]} 38. Kf3 {[%emt 0:00:05]} a5 {[%emt 0:00:39]} 39. Ra4 {[%emt 0:04:30]} Rxb2 {[%emt 0:01:44]} 40. Rxa5 {[%emt 0:00:04]} Rc2 {[%emt 0:01:08]} 41. Ra7 {[%emt 0:04:08]} Ke6 {[%emt 0:00:42]} 42. Ke3 {[%emt 0:02:42]} f6 {[%emt 0:00:21]} 43. a4 {[%emt 0:01:53]} Kf5 {[%emt 0:00:11]} 44. Rc7 {[%emt 0:01:07]} Rc3+ {[%emt 0:04:36]} 45. Kd2 {[%emt 0:00:05]} Ra3 {[%emt 0:01:50]} 46. Rxc6 {[%emt 0:00:15]} Rxa4 {[%emt 0:00:11]} 47. Ke3 {[%emt 0:01:20]} Ra3+ {[%emt 0:00:22]} 48. Ke2 {[%emt 0:00:23]} Ra2+ {[%emt 0:00:39]} 49. Ke3 {[%emt 0:00:11]} Ra3+ {[%emt 0:00:13]} 50. Ke2 {[%emt 0:00:05]} Ke4 {[%emt 0:00:29]} 51. Re6+ {[%emt 0:00:27]} Kxd4 {[%emt 0:00:12] Rx} 52. Rxf6 {[%emt 0:00:02]} Ke5 {[%emt 0:00:26]} 1/2-1/2

[Event "Oslo Chess Festival 2017"]
[Site "Oslo"]
[Date "2017.10.02"]
[Round "5"]
[White "Sousa, Ludy Helsio Paulo"]
[Black "Ski, Jonathan K"]
[Result "1-0"]
[WhiteElo "2171"]
[BlackElo "1848"]
[Annotator "NA"]
[PlyCount "75"]
[EventType "swiss"]
[EventCountry "NOR"]
[SourceTitle "playchess.com"]
[Source "ChessBase"]
[SourceQuality "1"]
[TimeControl "5400+30"]

1. e4 {[%emt 0:04:47]} e5 {[%emt 0:00:08]} 2. Nf3 {[%emt 0:00:03]} Nc6 {[%emt 0:00:13]} 3. Bb5 {[%emt 0:00:19]} a6 {[%emt 0:00:08]} 4. Ba4 {[%emt 0:00:01]} Nf6 {[%emt 0:00:09]} 5. O-O {[%emt 0:00:02]} Be7 {[%emt 0:00:15]} 6. Re1 {[%emt 0:00:08]} b5 {[%emt 0:00:06]} 7. Bb3 {[%emt 0:00:06]} O-O {[%emt 0:00:15]} 8. h3 {[%emt 0:00:31]} d6 {[%emt 0:00:15]} 9. c3 {[%emt 0:00:02]} Nb8 {[%emt 0:00:15]} 10. d4 {[%emt 0:00:09]} Nbd7 {[%emt 0:00:05]} 11. Nbd2 {[%emt 0:00:34]} Bb7 {[%emt 0:00:16]} 12. Bc2 {[%emt 0:02:31]} c5 {[%emt 0:00:25]} 13. dxe5 {[%emt 0:01:23] C95: Closed Ruy Lopez: Breyer Variation with 10 d4} (13. d5 c4 14. Nf1 Qc7 15. Ng3 Rfb8 16. Nf5 Bf8 17. Nh2 Bc8 18. Qf3 b4 19. Bg5 b3 20. Bd1 Ne8 21. a3 {1-0 (95) Kravtsiv,M (2641)-Jones,G (2676) Sharjah 2017}) 13... dxe5 {[%emt 0:00:21] [#]} 14. Nh2 $146 {[%emt 0:01:28]} ({Predecessor:} 14. Qe2 c4 15. Nf1 Qc7 16. Ng3 Rfe8 17. Nh2 Nc5 18. Ng4 g6 19. Nh6+ Kg7 20. Qf3 Bf8 {0-1 (59) Fontaine,R (2539)-Zhao,X (2478) Shenzhen 2005}) 14... Qc7 {[%emt 0:00:22]} 15. Ng4 {[%emt 0:01:20]} Nxg4 {[%emt 0:00:55]} 16. hxg4 {[%emt 0:00:06]} c4 {[%emt 0:00:40]} 17. Qf3 {[%emt 0:00:41]} Nc5 {[%emt 0:01:02]} 18. b3 {[%emt 0:04:53]} cxb3 {[%emt 0:02:37]} 19. axb3 {[%emt 0:00:03]} Ne6 $17 {[%emt 0:00:24]} 20. Bb2 {[%emt 0:04:14]} Rfd8 {[%emt 0:10:17]} 21. Nf1 {[%emt 0:04:38]} Ng5 {[%emt 0:01:07]} 22. Qe2 {[%emt 0:00:37]} Rd7 {[%emt 0:07:19]} 23. Red1 {[%emt 0:07:10]} Rad8 {[%emt 0:00:21]} 24. Ng3 {[%emt 0:00:31]} g6 {[%emt 0:00:17]} 25. Rxd7 {[%emt 0:02:34]} Rxd7 {[%emt 0:00:06]} 26. Nf1 {[%emt 0:02:37]} Bc5 {[%emt 0:02:16]} 27. Bc1 {[%emt 0:09:04]} Ne6 {[%emt 0:00:43]} 28. b4 {[%emt 0:01:08]} Bb6 {[%emt 0:00:42]} 29. Qf3 {[%emt 0:01:55]} Nf4 {[%emt 0:01:20]} 30. Kh2 {[%emt 0:07:46]} Qd8 {[%emt 0:01:37]} 31. g3 {[%emt 0:04:57]} Nd3 {[%emt 0:00:52]} 32. Be3 {[%emt 0:00:36]} Bxe3 {[%emt 0:00:37]} 33. Nxe3 {[%emt 0:00:59]} Nb2 {[%emt 0:00:59]} 34. Bb3 {[%emt 0:00:28]} Qc7 {[%emt 0:01:07]} 35. Nd5 {[%emt 0:01:19]} Bxd5 {[%emt 0:00:11]} 36. Bxd5 {[%emt 0:00:01]} Qb6 {[%emt 0:03:38]} 37. Kg2 {[%emt 0:02:25]} Nc4 {[%emt 0:00:53]} 38. g5 {[%emt 0:00:26]} 1-0

[Event "Oslo Chess Festival 2017"]
[Site "Oslo"]
[Date "2017.10.02"]
[Round "5"]
[White "Kyrkjebo, Erlend"]
[Black "Stark, Lars"]
[Result "1-0"]
[WhiteElo "2122"]
[BlackElo "2397"]
[Annotator "NA"]
[PlyCount "113"]
[EventType "swiss"]
[EventCountry "NOR"]
[SourceTitle "playchess.com"]
[Source "ChessBase"]
[SourceQuality "1"]
[TimeControl "5400+30"]

1. e4 {[%emt 0:00:05]} e6 {[%emt 0:00:09]} 2. d4 {[%emt 0:00:05]} d5 {[%emt 0:00:05]} 3. Nd2 {[%emt 0:00:03]} Nc6 {[%emt 0:00:05]} 4. Ngf3 {[%emt 0:00:17]} Nf6 {[%emt 0:00:06]} 5. e5 {[%emt 0:00:17]} Nd7 {[%emt 0:00:07]} 6. c3 {[%emt 0:00:28]} f6 {[%emt 0:00:36]} 7. exf6 {[%emt 0:00:39]} Qxf6 {[%emt 0:00:13]} 8. Be2 {[%emt 0:00:49]} e5 {[%emt 0:01:49] C04: French Tarrasch: 3...Nc6} 9. dxe5 {[%emt 0:03:11]} Ncxe5 {[%emt 0:00:23]} 10. O-O {[%emt 0:07:31]} c6 $146 {[%emt 0:00:43]} ({Predecessor:} 10... Be7 11. c4 dxc4 12. Nxc4 O-O 13. Bd2 Nxf3+ 14. Bxf3 Nb6 15. Bc3 Qh6 16. Re1 Bc5 17. Re5 Bxf2+ 18. Kxf2 Qh4+ 19. Kg1 Qxc4 20. Rg5 g6 21. Qe1 Qf4 22. Qe7 Rf7 23. Qe8+ {1-0 (23) Dervishi,E (2450)-Drasko,M (2515) Montecatini Terme 1998}) 11. Nd4 {[%emt 0:10:33]} Bc5 {[%emt 0:02:39]} 12. f4 {[%emt 0:06:24]} Nf7 {[%emt 0:04:52]} 13. N2f3 {[%emt 0:02:33]} O-O {[%emt 0:00:07]} 14. Kh1 {[%emt 0:02:51]} Re8 {[%emt 0:03:33]} 15. Bd3 {[%emt 0:01:59]} Nf8 {[%emt 0:00:55]} 16. Qc2 {[%emt 0:03:39]} Nd6 {[%emt 0:02:26]} 17. Ne5 {[%emt 0:07:26]} Bxd4 {[%emt 0:01:00]} 18. cxd4 {[%emt 0:00:14]} Bf5 {[%emt 0:00:12]} 19. g4 {[%emt 0:09:10]} Be4+ {[%emt 0:02:01]} 20. Bxe4 {[%emt 0:00:47]} Nxe4 {[%emt 0:00:07]} 21. f5 {[%emt 0:00:57]} Rad8 {[%emt 0:19:13]} (21... Ne6 $11 22. Be3 N6g5) 22. g5 {[%emt 0:05:09]} Nxg5 {[%emt 0:02:04]} 23. Bxg5 {[%emt 0:00:28]} Qxg5 {[%emt 0:00:04]} 24. f6 {[%emt 0:00:20]} Rxe5 {[%emt 0:00:51]} 25. dxe5 {[%emt 0:00:51]} Qxe5 {[%emt 0:00:05]} 26. Rae1 {[%emt 0:03:05]} Qd6 {[%emt 0:01:17]} 27. f7+ {[%emt 0:05:52]} Kh8 {[%emt 0:00:02]} 28. Re8 {[%emt 0:00:58]} d4 {[%emt 0:00:05]} 29. Qd3 {[%emt 0:10:58]} c5 {[%emt 0:03:30]} 30. Qg3 {[%emt 0:01:37]} Qc6+ {[%emt 0:00:48]} 31. Qf3 {[%emt 0:01:02]} Qd7 {[%emt 0:00:26]} 32. Rfe1 {[%emt 0:01:38]} h6 {[%emt 0:00:42]} 33. R1e7 {[%emt 0:02:11]} Qd6 {[%emt 0:00:16]} 34. Re6 {[%emt 0:03:04]} Qd7 {[%emt 0:02:09]} 35. Qf5 {[%emt 0:04:35]} d3 {[%emt 0:01:05]} 36. Rxf8+ {[%emt 0:01:33]} Rxf8 {[%emt 0:00:05]} 37. Rxh6+ {[%emt 0:00:16]} gxh6 {[%emt 0:00:02]} 38. Qxd7 {[%emt 0:00:16]} Kg7 {[%emt 0:00:05]} 39. Qxd3 {[%emt 0:00:18]} Rxf7 {[%emt 0:00:46]} 40. Qc3+ {[%emt 0:00:13]} Rf6 {[%emt 0:01:35]} 41. Qxc5 {[%emt 0:00:13]} a6 {[%emt 0:00:06]} 42. Qe5 {[%emt 0:00:18]} b6 {[%emt 0:00:23]} 43. Kg2 {[%emt 0:03:53]} b5 {[%emt 0:00:06]} 44. b3 {[%emt 0:00:20]} Kf7 {[%emt 0:00:04]} 45. a4 {[%emt 0:01:11]} bxa4 {[%emt 0:00:04]} 46. bxa4 {[%emt 0:00:13]} Kg6 {[%emt 0:00:04]} 47. Qe8+ {[%emt 0:00:55]} Kg7 {[%emt 0:00:07]} 48. h4 {[%emt 0:00:17]} Rf7 {[%emt 0:00:12]} 49. h5 {[%emt 0:00:26]} Rf6 {[%emt 0:00:04]} 50. a5 {[%emt 0:00:39]} Rf7 {[%emt 0:02:46]} 51. Qe5+ {[%emt 0:00:31]} Rf6 {[%emt 0:00:04]} 52. Qb2 {[%emt 0:00:37]} Kf7 {[%emt 0:00:07]} 53. Qb7+ {[%emt 0:00:09]} Kf8 {[%emt 0:00:07]} 54. Qd7 {[%emt 0:00:26]} Kg8 {[%emt 0:00:28]} 55. Qe7 {[%emt 0:00:18]} Rf7 {[%emt 0:00:29]} 56. Qe6 {[%emt 0:00:14]} Kh8 {[%emt 0:00:02]} 57. Qxh6+ {[%emt 0:00:17]} 1-0